Laici o cristiani?: elementi storico-sistematici per una descrizione del cristiano laico
שמור ב:
| מחבר ראשי: | |
|---|---|
| פורמט: | ספר |
| שפה: | איטלקית |
| יצא לאור: |
Brescia
Morcelliana
1997
|
| מהדורה: | 2a. ed |
| נושאים: | |
| תגים: |
הוספת תג
אין תגיות, היה/י הראשונ/ה לתייג את הרשומה!
|
MARC
| LEADER | 00000nam a2200000 a 4500 | ||
|---|---|---|---|
| 001 | UCM9712 | ||
| 003 | CL-VaPUC | ||
| 008 | 030509e19970000IT |||||||||||||||||ita|d | ||
| 082 | 0 | 4 | |a 262.9 |b CAN |2 21 |
| 100 | 0 | |a Canobbio, Giacomo |e author |9 476268 | |
| 245 | 1 | 0 | |a Laici o cristiani?: elementi storico-sistematici per una descrizione del cristiano laico |
| 250 | |a 2a. ed | ||
| 300 | |a 348 p | ||
| 942 | |c BK | ||
| 945 | |d 20030509 00:00:00 |a cmena | ||
| 260 | |a Brescia |b Morcelliana |c 1997 | ||
| 650 | 7 | |a DERECHO CANONICO |2 CL-VaPUC |9 476269 | |
| 650 | 0 | |a Derecho eclesiástico |9 255055 | |
| 650 | 0 | |a Cristianismo |9 257361 | |
| 650 | 0 | |a Teología |9 258766 | |
| 583 | |a last modification |c 20030509 00:00:00 |k Rodrigo Vera | ||
| 999 | |c 303853 |d 303851 | ||
| 952 | |0 0 |1 0 |4 0 |6 262_900000000000000_CAN_1997 |7 0 |8 A |9 365428 |a BIBDER |b BIBDER |d 2019-11-21 |i 3902978 |o 262.9 CAN 1997 |p 3902978 |r 2023-01-25 |w 2019-11-21 |y BK |k DER | ||